Catálogo

CULTURA GERENCIAL : (Registro nro. 52707)

Detalles MARC
000 -LEADER
fixed length control field 00703nam a2200193 a 4500
001 - CONTROL NUMBER
control field 52707
005 - DATE AND TIME OF LATEST TRANSACTION
control field 20180714042649.0
008 - FIXED-LENGTH DATA ELEMENTS--GENERAL INFORMATION
fixed length control field 140415s1990 mx 000 0 spa d
020 ## - INTERNATIONAL STANDARD BOOK NUMBER
International Standard Book Number 9687270748
041 ## - LANGUAGE CODE
Language code of text/sound track or separate title spa
082 ## - DEWEY DECIMAL CLASSIFICATION NUMBER
Classification number 658.421
Item number KRA
100 1# - MAIN ENTRY--PERSONAL NAME
Personal name KRAS, EVA S. DE
245 10 - TITLE STATEMENT
Title CULTURA GERENCIAL :
Remainder of title MEXICO-ESTADOS UNIDOS
250 ## - EDITION STATEMENT
Edition statement 1a ed.
260 ## - PUBLICATION, DISTRIBUTION, ETC.
Place of publication, distribution, etc. MEXICO :
Name of publisher, distributor, etc. GRUPO EDITORIAL IBEROAMERICA,
Date of publication, distribution, etc. 1990
300 ## - PHYSICAL DESCRIPTION
Extent 314
Dimensions 13.53 x 0.6 x 21
520 ## - SUMMARY, ETC.
Summary, etc. EN ESTE LIBRO SE DESTACAN CON DETALLE LAS PRINCIPALES CAUSAS DEL CONFLICTO ENTRE LOS EJECUTIVOS DE AMBOS PAÍSES Y LAS FORMAS Y MEDIDAS PARA RESOLVERLOS.
650 14 - SUBJECT ADDED ENTRY--TOPICAL TERM
Topical term or geographic name entry element ADMINISTRACION DE EMPRESAS
General subdivision DIRECTORES DE COMPAIAS
Existencias
Withdrawn status Lost status Source of classification or shelving scheme Damaged status Not for loan Collection code Home library Current library Shelving location Date acquired Source of acquisition Inventory number Total Checkouts Full call number Barcode Date last seen Date last checked out Price effective from Koha item type
    Dewey Decimal Classification     General Biblioteca Karol Wojtyla Biblioteca Karol Wojtyla Sala general 03/12/2013 Compra 151000000000000000013400   658.421 KRA 78262 05/01/2026 20/10/2014 03/12/2013 Libro